LEADER 04047nam 22005775 450 001 996545361503316 005 20231201011428.0 010 $a3-8394-6769-1 024 7 $a10.1515/9783839467695 035 $a(CKB)27996990900041 035 $a(DE-B1597)651770 035 $a(DE-B1597)9783839467695 035 $a(EXLCZ)9927996990900041 100 $a20231201h20232023 fg 101 0 $ager 135 $aur||||||||||| 181 $ctxt$2rdacontent 182 $cc$2rdamedia 183 $acr$2rdacarrier 200 00$aSpeak Up! - Zum Umgang mit Fake News und Hate Speech $eOstbelgische Zivilgesellschaft und internationale Wissenschaft im Austausch /$fhrsg. von Sabrina Kirschner, Tomke Lask 210 1$aBielefeld : $ctranscript Verlag, $d[2023] 210 4$d©2023 215 $a1 online resource (372 p.) 225 0 $aBildungsforschung ;$v19 311 $a9783837667691 327 $tFrontmatter -- $tInhalt -- $tAbbildungsverzeichnis -- $tTabellenverzeichnis -- $tEcholot -- $t#SchönerTagen und den Blick über den Tellerrand wagen. Ein einleitender Werkstattbericht zur ersten interdisziplinären und internationalen Speak Up! Tagung im ostbelgischen Eupen -- $tTagebuch einer Konferenzreporterin -- $tFact or Fake? Die Stadtrallye: Lerne (d)eine Stadt durch einen Faktencheck kennen! -- $tÜberlegungen zur Planung der Stadtrallye -- $tWhat the fact?! ? Werkstattgespräch über eine interaktive Performance -- $tWeltcafés und Museumsgang -- $tEinblicke in die Arbeitsgruppen -- $tMentale Gesundheit ? unser interner Schutzschild gegen Fake News und Hate Speech -- $tArbeitsgruppe Bildung und Erziehung: Medienkompetenz von Klein auf -- $tDiskriminierung, Intersektionalität und marginalisierte Gruppen -- $tIm Auftrag der Demokratie: Was kann und soll politische Bildung im Umgang mit Fake News und Hate Speech leisten? -- $tEine spannende Reise nach Ostbelgien -- $tMy thoughts on the Speak Up! Conference -- $tKurz nachgefragt bei Jugendinfo: Speak Up! und die ostbelgische Zivilgesellschaft -- $tKurz nachgefragt im Medienzentrum: Speak Up! und die ostbelgische Zivilgesellschaft -- $tSpeak Up! Zwischen #SchönerTagen und #SchönerScheitern: Ein vorläufiges Fazit zur ersten interdisziplinären und internationalen Speak Up! Tagung im ostbelgischen Eupen 330 $aFake News und Hate Speech treten nicht nur im Kontext der Zivilgesellschaft auf, längst sind auch Wissenschaft oder Ehrenamt davon betroffen. Die Beiträger*innen geben Einblicke in die ostbelgische Werkstatt »Speak Up!« und widmen sich den Folgen und Ursachen dieser Phänomene. Offen und authentisch diskutieren dort Menschen mit unterschiedlichen beruflichen, (mutter-)sprachlichen und kulturellen Hintergründen ihre Erfahrungen mit und Überlegungen über Hate Speech und Fake News. Vielfältige Textformen wie Tagebucheinträge, Handlungsleitfäden oder Gedankenprotokolle und Interviews bis hin zu Werkstattgesprächen spiegeln die gesellschaftlichen Herausforderungen wider, setzen aber auch ein klares Plädoyer gegen Hetze im Netz. 606 $aPOLITICAL SCIENCE / Civics & Citizenship$2bisacsh 610 $aCivic Education. 610 $aCivil Society. 610 $aCommunity Service. 610 $aCultural Education. 610 $aDigital Media. 610 $aEducation. 610 $aEducational Research. 610 $aHate Speech. 610 $aMedia Competence. 610 $aMedia. 610 $aPolitical Science. 610 $aPolitics. 610 $aScience. 615 7$aPOLITICAL SCIENCE / Civics & Citizenship. 702 $aKirschner$b Sabrina, $4edt$4http://id.loc.gov/vocabulary/relators/edt 702 $aLask$b Tomke, $4edt$4http://id.loc.gov/vocabulary/relators/edt 712 02$aAutonome Hochschule Ostbelgien, Institut für$4fnd$4http://id.loc.gov/vocabulary/relators/fnd 801 0$bDE-B1597 801 1$bDE-B1597 906 $aBOOK 912 $a996545361503316 996 $aSpeak Up! - Zum Umgang mit Fake News und Hate Speech$93656398 997 $aUNISA LEADER 02296nam 2200541Ia 450 001 9910778431903321 005 20230721023043.0 010 $a1-282-40218-8 010 $a9786612402180 010 $a90-485-1126-7 035 $a(CKB)1000000000806959 035 $a(EBL)474303 035 $a(OCoLC)489041396 035 $a(SSID)ssj0000338652 035 $a(PQKBManifestationID)12081103 035 $a(PQKBTitleCode)TC0000338652 035 $a(PQKBWorkID)10295442 035 $a(PQKB)10935678 035 $a(MiAaPQ)EBC474303 035 $a(EXLCZ)991000000000806959 100 $a20090728d2009 uy 0 101 0 $adut 135 $aur|n|---||||| 181 $ctxt 182 $cc 183 $acr 200 10$aHoe God emigreerde naar Amerika$b[electronic resource] $egeografische bespiegelingen over godsdienst in Europa en de Verenigde Staten /$fHans Knippenberg 210 $aAmsterdam $cVossiuspers UvA$d2009 215 $a1 online resource (30 p.) 225 1 $aVOR afscheidsrede 300 $aSpeech delivered at the University of Amsterdam at the professor's farewell, May 26 2009. 311 $a90-5629-594-2 320 $aIncludes bibliographical references. 330 $aTussen Europa en de Verenigde Staten bestaan verschillen in de mate waarin godsdienst een rol speelt in het dagelijks leven, en in de publieke sfeer. Waar Europa reeds lang het toneel is van een voortschrijdende secularisering, blijft godsdienst een wezenlijk element in de Amerikaanse politiek en cultuur. Daarom vormt de VS een levendige markt van elkaar beconcurrerende godsdienstige 'ondernemers', die voor een zeer gevarieerd aanbod zorgen. Hans Knippenberg probeert in zijn afscheidscollege dit verschil tussen Europa en de VS te verklaren aan de hand van bestaande sociaalwetenschappelijke the 410 0$aVOR afscheidsrede 606 $aReligion and sociology$zEurope 606 $aReligion and sociology$zUnited States 615 0$aReligion and sociology 615 0$aReligion and sociology 676 $a306.6094 700 $aKnippenberg$b Hans$f1945-$01552402 801 0$bMiAaPQ 801 1$bMiAaPQ 801 2$bMiAaPQ 906 $aBOOK 912 $a9910778431903321 996 $aHoe God emigreerde naar Amerika$93812258 997 $aUNINA